Los jardines del alma : (Record no. 197655)

MARC details
000 -LEADER
campo de control de longitud fija 01468nam a2200361 i 4500
001 - NÚMERO DE CONTROL
campo de control 197655
003 - IDENTIFICADOR DE NÚMERO DE CONTROL
campo de control ES-MaACL
005 - FECHA Y HORA DE LA ÚLTIMA TRANSACCIÓN
campo de control 20250805062655.0
007 - CAMPO FIJO DE DESCRIPCIÓN FÍSICA--INFORMACIÓN GENERAL
campo de control de longitud fija ta
008 - DATOS DE LONGITUD FIJA--INFORMACIÓN GENERAL
campo de control de longitud fija 991222s1999 sp w 00000 spa
017 ## - NÚMERO DE COPYRIGHT O DE DEPÓSITO LEGAL
Número de copyright o de depósito legal GI 399-1999
Agencia que asigna Oficina Depósito Legal Girona
020 ## - NÚMERO INTERNACIONAL ESTÁNDAR DEL LIBRO
Número Internacional Estándar del Libro 8489711313
035 ## - NÚMERO DE CONTROL DEL SISTEMA
Número de control de sistema Rebiun16404305
040 ## - FUENTE DE CATALOGACIÓN
Centro catalogador/agencia de origen UAM.FL
Lengua de catalogación spa
Centro/agencia transcriptor ES-MaACL
100 1# - ENTRADA PRINCIPAL--NOMBRE DE PERSONA
Nombre de persona Rusiñol, Santiago,
Fechas asociadas al nombre 1861-1931
9 (RLIN) 241043
Término indicativo de función/relación Ilustrador
245 10 - MENCIÓN DEL TÍTULO
Título Los jardines del alma :
Resto del título exposición del 16 de julio al 22 de agosto de 1999 /
Mención de responsabilidad, etc. Santiago Rusiñol
260 ## - PUBLICACIÓN, DISTRIBUCIÓN, ETC.
Lugar de publicación, distribución, etc. [S.l.] :
Nombre del editor, distribuidor, etc. Caja Segovia,
Fecha de publicación, distribución, etc. 1999
300 ## - DESCRIPCIÓN FÍSICA
Extensión 198 páginas :
Otras características físicas ilustraciones a color y blanco y negro ;
Dimensiones 30 cm
336 ## - TIPO DE CONTENIDO
Fuente rdacontent
Término de tipo de contenido texto
337 ## - TIPO DE MEDIO
Fuente rdamedia
Nombre/término del tipo de medio sin mediación
338 ## - TIPO DE SOPORTE
Fuente rdacarrier
Nombre/término del tipo de soporte volumen
504 ## - NOTA DE BIBLIOGRAFÍA, ETC.
Nota de bibliografía, etc. Bibliografía: páginas 195-198
600 #0 - PUNTO DE ACCESO ADICIONAL DE MATERIA--NOMBRE DE PERSONA
Nombre de persona Rusiñol, Santiago,
Fechas asociadas al nombre 1861-1931-
Subdivisión general Exposiciones
9 (RLIN) 241044
650 #0 - PUNTO DE ACCESO ADICIONAL DE MATERIA--TÉRMINO DE MATERIA
Término de materia o nombre geográfico como elemento de entrada Pintores catalanes-
Subdivisión cronológica s.XIX-XX
9 (RLIN) 241045
650 #0 - PUNTO DE ACCESO ADICIONAL DE MATERIA--TÉRMINO DE MATERIA
Término de materia o nombre geográfico como elemento de entrada Pintores barceloneses-
Subdivisión cronológica s.XIX-XX
9 (RLIN) 241046
710 21 - ENTRADA AGREGADA--NOMBRE DE ENTIDAD CORPORATIVA
Nombre de entidad corporativa o nombre de jurisdicción como elemento de entrada Caja de Ahorros y Monte de Piedad de Segovia
9 (RLIN) 2324
852 ## - LOCALIZACIÓN
Ubicación ES-MaACL
Ubicación en estantería Depósito 1
Número de control de estantería A-15732
Donativo/Legado Donación: Fernando Codina Rodríguez
Encuadernación Encuadernación rústica con solapas
itemnumber 206090
903 ## - NOMBRE PERSONAL DE DONANTE
a Codina Rodríguez, Fernando
e Donante
9 238631
942 ## - ELEMENTOS DE ENTRADA SECUNDARIOS (KOHA)
Suprimir en OPAC No
Tipo de ítem Koha Libro impreso
Holdings
Estatus retirado Estado de pérdida Fuente del sistema de clasificación o colocación Estado de daño No para préstamo Biblioteca de origen Biblioteca actual Ubicación en estantería Fecha de adquisición Fuente de adquisición Total de préstamos Signatura topográfica completa Visto por última vez Precio de reemplazo Tipo de ítem Koha
    Clasificación decimal universal     Biblioteca del Ateneo de Madrid Biblioteca del Ateneo de Madrid Depósito 1 25/06/2025 Donación   A-15732 25/06/2025 25/06/2025 Libro impreso